Ring Theory 1989 : In Honor of S. A. Amitsur

Đã lưu trong:
Sonraí Bibleagrafaíochta
Formáid: Sách giấy
Teanga:English
Foilsithe: Jerusalem, Israel : The Weizmann Science , 1989
Clibeanna: Cuir Clib Leis
Gan Chlibeanna, Bí ar an gcéad duine leis an taifead seo a chlibeáil!
Thư viện lưu trữ: Thư viện Trường Đại học Đà Lạt
LEADER 00537nam a2200229 4500
001 DLU020011329
005 ##1/6/2000
041 # # |a eng 
082 # # |a 512.4  |b Rin 
090 # # |a 512.4  |b Rin 
245 # # |a Ring Theory 1989 :  |b In Honor of S. A. Amitsur 
260 # # |a Jerusalem, Israel :  |b The Weizmann Science ,  |c 1989 
300 # # |a 431 tr.;   |c 24 cm. 
992 # # |a 18000 
994 # # |a DLU 
900 # # |a False 
911 # # |a Administrator 
925 # # |a G 
926 # # |a A 
927 # # |a SH 
980 # # |a Thư viện Trường Đại học Đà Lạt